000 00205nam a22000857a 4500
999 _c11060
_d11060
008 180810b ||||| |||| 00| 0 eng d
100 _aDumas Alexandre
_96777
245 _aThe 3 Musketeers
260 _aNew Delhi